000 00607nam a2200205Ia 4500
003 IN-BaIIA
008 211028s9999 xx 000 0 eng d
020 _a978-81-89220-25-9
040 _cIIA Library
080 _a521.8
_bBAL
100 _aBalachandra Rao, S
_918001
245 0 _aEclipses in Indian astronomy
_cS. Balachandra Rao and Padmaja Venugopal
260 _aBangalore
_bBhavan's Gandhi Centre of Science and Human Values
_c2008
300 _axii, 144p.
650 _aAstronomy
_980
650 _aEclipses
_9909
650 _aSolar System
700 _aVenugpal, Padmaja
_935180
942 _cBK
999 _c18358
_d18358